Типоморфизм состава и упорядоченности полевых шпатов различных типов горных пород: монография

Dades bibliogràfiques
Autor principal: Сангаджиев М. М. Мерген Максимович
Sumari:В монографии выявлены типоморфные особенности полевых шпатов по составу и упорядоченности из различных регионов России и мира (Балтийского, Алданского, Украинского щитов, Алтае-Саянской, Уральской, Памирской, Карпатской, Кавказской складчатых областей, Канады, Италии, Франции и т. д. Монография адресована студентам — геологам, специалистам в области геологии, минералогии, петрографии, кристаллографии.
Idioma:rus
Publicat: Москва, Директ-Медиа, 2019
Edició:2-е изд., стер.
Matèries:
Format: Llibre
KOHA link:https://koha.lib.tpu.ru/cgi-bin/koha/opac-detail.pl?biblionumber=343909

MARC

LEADER 00000nam0a2200000 4500
001 343909
005 20231102005617.0
010 |a 9785447536626 
035 |a (RuTPU)RU\TPU\book\374723 
090 |a 343909 
100 |a 20191121d2019 k y0rusy50 ca 
101 0 |a rus 
102 |a RU 
105 |a a z 001zy 
200 1 |a Типоморфизм состава и упорядоченности полевых шпатов различных типов горных пород  |e монография  |f М. М. Сангаджиев 
205 |a 2-е изд., стер. 
210 |a Москва  |a Берлин  |c Директ-Медиа  |d 2019 
215 |a 110 с.  |c ил. 
320 |a Библиогр.: с. 62-68 
330 |a В монографии выявлены типоморфные особенности полевых шпатов по составу и упорядоченности из различных регионов России и мира (Балтийского, Алданского, Украинского щитов, Алтае-Саянской, Уральской, Памирской, Карпатской, Кавказской складчатых областей, Канады, Италии, Франции и т. д. Монография адресована студентам — геологам, специалистам в области геологии, минералогии, петрографии, кристаллографии. 
606 1 |a Полевой шпат  |x Минералогия  |2 stltpush  |3 (RuTPU)RU\TPU\subj\72329  |9 85890 
610 1 |a типоморфизм 
610 1 |a горные породы 
610 1 |a калишпаты 
610 1 |a плагиоклазы 
610 1 |a монографии 
675 |a 549.65  |v 4 
700 1 |a Сангаджиев  |b М. М.  |g Мерген Максимович 
801 1 |a RU  |b 63413507  |c 20191121 
801 2 |a RU  |b 63413507  |c 20191217  |g RCR 
942 |c BK 
959 |a 26/20191121  |d 1  |e 362,40  |f ЧЗТЛ:1